| 000 | 00347nam a2200145Ia 4500 | ||
|---|---|---|---|
| 005 | 20251222153605.0 | ||
| 008 | 251222s9999||||xx |||||||||||||| ||spa|| | ||
| 020 | _a9707291443 | ||
| 082 | _a612.015/M97 | ||
| 100 | _aMurray, Robert K. | ||
| 245 | 0 | _aHarper- BioquĂmica Ilustrada | |
| 250 | _a16 ed. | ||
| 264 | _bManuel Moderno | ||
| 942 | _cLIB | ||
| 999 |
_c31371 _d31371 |
||